| 000 | 00623nam a2200253 a 4500 | ||
|---|---|---|---|
| 001 | nice12345678 | ||
| 003 | IN_TiNIC | ||
| 005 | 20260116014704.0 | ||
| 008 | 100406s1998 kora grp 000 0 eng | ||
| 020 |
_a9781558197091 _c1115 |
||
| 082 | 0 | 0 |
_a912.0983 _bBRI |
| 100 | _aBrisco, Thomas V | ||
| 245 | _aBible Atlas | ||
| 260 |
_aKorea _bHolman Reference _c1998 |
||
| 300 | _a285p | ||
| 500 | _aincludes index and biblioraphy | ||
| 505 | 2 | _aBibliography, Indices | |
| 650 | _aAtlases-Bible | ||
| 650 | _aBible-Geography | ||
| 700 | 1 | _aBrisco, Thomas V | |
| 902 | _bSRS | ||
| 942 | _cBK | ||
| 999 |
_c16477 _d16477 |
||